| 000 | 00387cam a2200157ua 4500 | ||
|---|---|---|---|
| 003 | OSt | ||
| 008 | 250328b |||||||| |||| 00| 0 eng d | ||
| 041 | _aeng | ||
| 082 |
_a621.902 _bSTE/EN |
||
| 100 |
_aSteeds, W . _97359 |
||
| 245 | _aEngineering materials machine tools and processes / | ||
| 250 | _a1 / | ||
| 260 |
_aLondon : _bLongman , _c1962. |
||
| 300 | _a426 ; . | ||
| 942 | _cBK | ||
| 999 |
_c5274 _d5274 |
||